000 00899nam a22002057a 4500
999 _c11790
_d11790
003 AR-CdUCM
008 190405b ||||| |||| 00| 0 spa d
040 _aMUNICIPALIDAD PROVINCIAL DEL CUSCO
_cBIBLIOTECA MUNICIPAL DEL CUSCO
082 _a917.4 /
_bG15 / 1838
245 _aLos viages de Tomas Gage :
_ben la nueva España /
260 _aParís :
_bLibrería de Rosa,
_c1838.
300 _a519 páginas ;
_c18 cm.
505 _aContenido: t.2. Descripción del estado, del gobierno de las riquezas y de las grandeza de la ciudad de Guatemala y el país quede ella depende -- Descripción geográfica de la provincia de Guatemala, de su comercio de sus costas y puertos y de las estaciones propicias para arribar allí ...
650 _aHistoria
_943914
650 _aEstado
_9738
650 _aGobierno
_92618
650 _aGuatemala
_92870
942 _2ddc
_cLIBROS
945 _aacv
_d05/04/2019